Southville International School and Colleges
Your cart is empty.
  • Cart
  • Lists
    Public lists Eva Luna New books Lux_list list_1
    Your lists Log in to create your own lists
  • Log in to your account
  • Your cookies
  • Search history
Southville International School and Colleges
  • Advanced search
  • Recent comments
  • Most popular
  • Libraries

Log in to your account

Log in with GOOGLE


If you do not have an external account, but do have a local account, you can still log in:

  1. Home
  2. MARC view: The story of Moses /
Normal view MARC view ISBD view

The story of Moses / (Record no. 102611)

[ view plain ]
MARC details
000 -LEADER
fixed length control field 00504nam a2200169 a 4500
005 - DATE AND TIME OF LATEST TRANSACTION
control field 20140412111239.0
008 - FIXED-LENGTH DATA ELEMENTS--GENERAL INFORMATION
fixed length control field 010710s19uu xx 00 eng d
020 ## - INTERNATIONAL STANDARD BOOK NUMBER
International Standard Book Number 1-85830-492-X
050 ## - LIBRARY OF CONGRESS CALL NUMBER
Classification number M 220
Item number C187 1999
100 ## - MAIN ENTRY--PERSONAL NAME
Personal name Campbell-Todd, Deborah
245 ## - TITLE STATEMENT
Title The story of Moses /
Statement of responsibility, etc stories re-told by Deborah Campbell-Todd.
260 ## - PUBLICATION, DISTRIBUTION, ETC. (IMPRINT)
Place of publication, distribution, etc London :
Name of publisher, distributor, etc Grandreams Limited,
Date of publication, distribution, etc 1999.
300 ## - PHYSICAL DESCRIPTION
Extent 1v. (unp.) ; ill.
650 ## - SUBJECT ADDED ENTRY--TOPICAL TERM
Topical term or geographic name as entry element Bible Stories-O.T.
650 ## - SUBJECT ADDED ENTRY--TOPICAL TERM
Topical term or geographic name as entry element Bible Character, O. T.
Holdings
Withdrawn status Lost status Damaged status Use restrictions Home library Current library Shelving location Date acquired Source of acquisition Total Checkouts Full call number Barcode Date last seen Price effective from Koha item type
        Elizalde Library Elizalde Library Main Section 07/10/2001     M 220 C187 1999 E2173 04/12/2014 04/12/2014 Books

The story of Moses /

APA

Campbell-Todd D., . (1999). The story of Moses. London: Grandreams Limited.

Chicago

Campbell-Todd Deborah, . 1999. The story of Moses. London: Grandreams Limited.

Harvard

Campbell-Todd D., . (1999). The story of Moses. London: Grandreams Limited.

MLA

Campbell-Todd Deborah, . The story of Moses. London: Grandreams Limited. 1999.

  • Place hold
  • Print
  • Cite
  • Add to your cart (remove)
  • Save record
    BIBTEX Dublin Core MARCXML MARC (non-Unicode/MARC-8) MARC (Unicode/UTF-8) MARC (Unicode/UTF-8, Standard) MODS (XML) RIS
  • More searches
    Search for this title in:
    Other Libraries (WorldCat) Other Databases (Google Scholar) Online Stores (Bookfinder.com) Open Library (openlibrary.org)

Exporting to Dublin Core...

SOUTHVILLE LIBRARY

Southville International School and Colleges Library

1281 Tropical Ave. Cor. Luxembourg St., BF Homes International, Las Pinas City

Tel. No. 8256374 / 252358 Loc. 117/146

Powered by Koha